000 00919nam a22002777a 4500
003 CHAP
005 20240409124322.0
008 110727s2007 mx a r 00010 spa d
010 _a101628
011 _a102600
020 _a9789688846667
035 _a113289
040 _cCHAP
082 1 0 _a635.62
_bV71
100 1 0 _aVillanueva Verduzco, Clemente
_9119524
245 1 0 _aCalabazas cultivadas :
_bidentificación de especies, caracterización y descripción varietal
_c/por Clemente Villanueva Verduzco
260 _aChapingo, Méx. :
_bUACH,
_c2007
300 _a123 p. :
_bilus., cuadros
590 _aBATCH-UPD
_b10
_c20130110
_lUCH01
_h0852
590 _aCONVERSION
_b10
_c20130109
_lUCH01
_h1356
650 1 4 _aCalabaza
_xRendimiento.
_917294
650 1 4 _aCultivos
_xVariedades.
_930332
901 _aBK
942 _cLIBRO
949 _a635.62 V71
_bBC
_cUACH
_d33724002245157
_eUACH
_gDonaciØn
_h115371
_i113289
_sb
999 _c101628
_d101628